000 00801cam a22002413a 4500
001 28225
003 PGUSA
005 20140828083617.0
008 090301s2009||||xxu|||||s|||||000 | eng d
040 _aPGUSA
_beng
042 _adc
050 4 _aZ
100 1 _aHazlitt, William Carew,
_d1834-1913
245 1 4 _aThe Book-Collector :
_bA General Survey of the Pursuit and of those who have engaged in it at Home and Abroad from the Earliest Period to the Present Time
_h[electronic resource] /
_cWilliam Carew Hazlitt
260 _bProject Gutenberg,
_c2009
506 _aPublic domain in the USA.
516 _aElectronic text
653 _aBook collectors
653 _aBook collecting
830 0 _aProject Gutenberg
_v28225
856 4 0 _uhttp://www.gutenberg.org/ebooks/28225
942 _cEB
999 _c257480
_d257480